| 000 | 00595cam a2200205 a 4500 | ||
|---|---|---|---|
| 999 |
_c3660 _d3660 |
||
| 001 | 19362 | ||
| 003 | BD-DhUAP | ||
| 005 | 20200310153256.0 | ||
| 008 | 200310s2001 ii d 000 0 eng | ||
| 020 | _a1888777540 | ||
| 020 | _a8123907419 | ||
| 040 |
_aDLC _cDLC _dBD-DhUAP _bEng |
||
| 082 | 0 | 0 |
_a004.03 NEW _223 |
| 245 | 0 | 4 | _aThe new international Webster's pocket computer dictionary of the English language. |
| 250 | _aNew rev. ed. | ||
| 260 |
_aNew Delhi : _bTrident Press International, _cc2001. |
||
| 300 |
_a316 pages ; _c17 cm. |
||
| 650 | 0 |
_aComputers _vDictionaries. |
|
| 942 |
_2ddc _cBK |
||